[Event "ROM-ch U10 Girls"]
[Site "Voineasa"]
[Date "2008.04.15"]
[Round "6"]
[White "Horvath, Andreea"]
[Black "Bostan, Andreea Denisa"]
[Result "0-1"]
[WhiteElo "401"]
[BlackElo "401"]
[PlyCount "74"]
[EventDate "2008.04.08"]
[EventType "swiss"]
[EventRounds "9"]
[EventCountry "ROU"]
[SourceTitle "EXT 2013"]
[Source "ChessBase"]
[SourceDate "2012.11.22"]
[SourceVersion "1"]
[SourceVersionDate "2012.11.22"]
[SourceQuality "1"]

1. e4 e5 2. Nf3 Nc6 3. Bc4 Bc5 4. c3 Nf6 5. d4 exd4 6. cxd4 Be7 7. e5 Ne4 8. d5 Na5 9. Bd3 Nc5 10. 0-0 0-0 11. Nc3 d6 12. Be3 Nxd3 13. Qxd3 dxe5 14. Nxe5 c6 15. b4 f6 16. Nf3 Bxb4 17. Qc4 Nxc4 18. Rac1 Ba3 19. Rc2 Bf5 20. Re2 Bd3 21. Rfe1 Bxe2 22. Rxe2 cxd5 23. Nb5 a6 24. Nxa3 Nxa3 25. Bc5 Re8 26. Rxe8+ Qxe8 27. Bxa3 Qa4 28. h3 Qxa3 29. Nh4 Qxa2 30. Nf5 g6 31. Ne7+ Kf7 32. Nxd5 Qxd5 33. Kh1 Qd6 34. g3 Rc8 35. Kg1 Rc1+ 36. Kh2 Qd5 37. f3 Qd2# 0-1

[Event "ROM-ch U10 Girls"]
[Site "Voineasa"]
[Date "2008.04.13"]
[Round "2"]
[White "Toba, Andreea Valentina"]
[Black "Horvath, Andreea"]
[Result "1-0"]
[WhiteElo "434"]
[BlackElo "401"]
[PlyCount "77"]
[EventDate "2008.04.08"]
[EventType "swiss"]
[EventRounds "9"]
[EventCountry "ROU"]
[SourceTitle "EXT 2013"]
[Source "ChessBase"]
[SourceDate "2012.11.22"]
[SourceVersion "1"]
[SourceVersionDate "2012.11.22"]
[SourceQuality "1"]

1. e4 e5 2. Nf3 Nc6 3. Bc4 Nf6 4. Ng5 Rg8 5. Bxf7+ Ke7 6. Bxg8 Nxg8 7. Nxh7 d5 8. Nc3 d4 9. Nd5+ Ke8 10. Nxf8 Kxf8 11. Qf3+ Ke8 12. 0-0 Be6 13. Qh5+ Bf7 14. Qh7 Qg5 15. d3 Qg4 16. Nxc7+ Kd8 17. Nxa8 Nf6 18. Qh8+ Bg8 19. h3 Qc8 20. Qxg7 Qe6 21. Qxb7 Bh7 22. Qc7+ Ke8 23. Bg5 Nb4 24. Bxf6 Nxc2 25. Qxc2 Bg6 26. Nc7+ Kf7 27. Nxe6 Kxe6 28. Bd8 a6 29. Qc6+ Kf7 30. Qxa6 Ke8 31. Bf6 Kd7 32. Bxe5 Bh5 33. Bxd4 Be2 34. Rfc1 Bxd3 35. Qxd3 Ke7 36. Qa6 Kd7 37. Qa7+ Kd8 38. Bf6+ Ke8 39. Rc8# 1-0